header

Directions in sign language acquisition (Record no. 10414)

MARC details
000 -LEADER
fixed length control field 01347nam a22003374a 4500
082 04 - DEWEY DECIMAL CLASSIFICATION NUMBER
Classification number 419
245 00 - TITLE STATEMENT
Title Directions in sign language acquisition
260 ## - PUBLICATION, DISTRIBUTION, ETC. (IMPRINT)
Place of publication Philadelphia :
Name of publisher John Benjamins Pub. Co.,
Year of publication c2002.
300 ## - PHYSICAL DESCRIPTION
Number of Pages xix, 339 p.
490 1# - SERIES STATEMENT
Series statement Trends in language acquisition research,
650 #0 - SUBJECT ADDED ENTRY--TOPICAL TERM
Topical Term Sign language acquisition.
Topical Term Sign language
700 1# - ADDED ENTRY--PERSONAL NAME
Personal name Morgan, Gary,
Personal name Woll, B.
856 40 - ELECTRONIC LOCATION AND ACCESS
Uniform Resource Identifier http://site.ebrary.com/lib/rucke/Doc?id=10022342

No items available.

© 2026 Rongo University
Contact us: librarian | system librarian | Rongo university